Pokémon - Attacken von Skelokrok in KA/PU - Statistiken

Allgemein
  • Dieses Quiz wurde 3 mal gespielt
  • Das Durchschnittsergebnis liegt bei 46 aus 64
Antwortstatistiken
Antwort % Korrekt
Biss
100%
Bodycheck
100%
Bodyslam
100%
Bürde
100%
Delegator
100%
Donnerzahn
100%
Dunkelklaue
100%
Einäschern
100%
Erdbeben
100%
Erdkräfte
100%
Erholung
100%
Fassade
100%
Feuersturm
100%
Feuerzahn
100%
Flammenwurf
100%
Fluch
100%
Glut
100%
Knirscher
100%
Loderlied
100%
Nitroladung
100%
Poltergeist
100%
Schlafrede
100%
Schlecker
100%
Schutzschild
100%
Silberblick
100%
Solarstrahl
100%
Sonnentag
100%
Spukball
100%
Tackle
100%
Ausdauer
50%
Begrenzer
50%
Brandsand
50%
Brandstempel
50%
Brüller
50%
Feuersäulen
50%
Feuerwirbel
50%
Flammenblitz
50%
Frustflamme
50%
Fruststampfer
50%
Gähner
50%
Gesang
50%
Gigastoß
50%
Grimasse
50%
Hitzekoller
50%
Hitzewelle
50%
Hyperstrahl
50%
Irrlicht
50%
Kanon
50%
Lehmschelle
50%
Lockstimme
50%
Lohekanonade
50%
Nachtnebel
50%
Rechte Hand
50%
Rülpser
50%
Samenbomben
50%
Säuselstimme
50%
Schallwelle
50%
Schaufler
50%
Standpauke
50%
Tera-Ausbruch
50%
Wutanfall
50%
Zen-Kopfstoß
50%
Zugabe
50%
Tagedieb
0%
Keine übereinstimmenden Quizze gefunden
Verteilung der Resultate
Anzahl Personen mit jedem Resultat
Perzentil nach korrekt beantworteten Fragen
Ihre Resultats-Entwicklung
Sie haben dieses Quiz noch nicht gespielt